MARC

LEADER 00000nam0a2200000 4500
001 113610
005 20231031121928.0
035 |a (RuTPU)RU\TPU\book\122872 
090 |a 113610 
100 |a 20070413d1981 m y0rusy50 ca 
101 1 |a rus  |c eng 
102 |a RU 
105 |a a z 001zy 
200 1 |a Избранная лирика  |e пер. с англ.  |f П. Б. Шелли, Дж. Китс  |g сост. В. Левик, Г. Кружков 
210 |a Москва  |c Детская литература  |d 1981 
215 |a 223 с.  |c ил. 
225 1 |a Поэтическая библиотечка школьника 
320 |a Комментарии: с. 197-218. 
610 1 |a поэзия 
610 1 |a лирика 
610 1 |a английская литература 
675 |a 82  |v 3 
700 1 |a Шелли  |b П. Б.  |g Перси Биши 
701 1 |a Китс  |b Дж.  |g Джон 
702 1 |a Левик  |b В.  |4 220 
702 1 |a Кружков  |b Г.  |4 220 
801 1 |a RU  |b 63413507  |c 20070413  |g PSBO 
801 2 |a RU  |b 63413507  |c 20070814  |g PSBO 
942 |c BK